Primer proyecto de transformación agraria

Proyecto agrario para la región oriental de El Salvador: justificación de recursos y bases para la ejecución, comprende: 1) consideraciones generales del proceso de transformación agraria (justificación, objetivos y estrategia) 2) descripción del área seleccionada 3) descripción general del proyecto...

Descrición completa

Gardado en:
Detalles Bibliográficos
Autor Corporativo: Instituto Salvadoreño de Transformación Agraria
Formato: Texto
Materias:
Etiquetas: Engadir etiqueta
Sen Etiquetas, Sexa o primeiro en etiquetar este rexistro!

MARC

LEADER 00000 a a2200000 04500
001 19624
003
040 |a CRAI/IIS  |c CRAI/IIS 
090 |a 078200  
110 |a Instituto Salvadoreño de Transformación Agraria  
245 |a Primer proyecto de transformación agraria  
300 |a 102 p.  
520 |a Proyecto agrario para la región oriental de El Salvador: justificación de recursos y bases para la ejecución, comprende: 1) consideraciones generales del proceso de transformación agraria (justificación, objetivos y estrategia) 2) descripción del área seleccionada 3) descripción general del proyecto 4) planteamiento de la comisión nacional de transformación agraria sobre lo que podría ser la ejecución del proyecto, contiene anexos con datos sobre aspectos económico-sociales, costos del proyecto, producción agrícola, régimen de tenencia de la tierra, aspectos agroeconómicos./ALLV  
650 |a ESTRUCTURA AGRARIA  
650 |a TENENCIA DE LA TIERRA  
650 |a PROYECTOS DE DESARROLLO  
650 |a PROYECTOS AGRICOLAS  
999 |c 17590  |d 17590